Danh nhân khoa học kỹ thuật thế giới tuyển tập truyện

Sách giới thiệu 65 nhà khoa học kỹ thuật lỗi lạc của thế giới tiêu biểu nhất như Archimèdes, John Baird, Alessandro Volta, Gregor Joham Mendel, James, Clerk Maxwell, Christophe Colombo, Edward Jenner, Michael Faraday, Robert Koch, Ivan Pétrovich Pavlov, Marie-Curie, .......

Ausführliche Beschreibung

Gespeichert in:
Bibliographische Detailangaben
1. Verfasser: Vũ Bội Tuyền
Format: Buch
Sprache:Undetermined
Veröffentlicht: Tp. HCM Thanh Niên 1999
Schlagworte:
Tags: Tag hinzufügen
Keine Tags, Fügen Sie den ersten Tag hinzu!
Thư viện lưu trữ: Trung tâm Học liệu Trường Đại học Cần Thơ
LEADER 00897nam a2200193Ia 4500
001 CTU_35797
008 210402s9999 xx 000 0 und d
082 |a 609.092 
082 |b T527 
100 |a Vũ Bội Tuyền 
245 0 |a Danh nhân khoa học kỹ thuật thế giới 
245 0 |b tuyển tập truyện 
245 0 |c Vũ Bội Tuyền 
260 |a Tp. HCM 
260 |b Thanh Niên 
260 |c 1999 
520 |a Sách giới thiệu 65 nhà khoa học kỹ thuật lỗi lạc của thế giới tiêu biểu nhất như Archimèdes, John Baird, Alessandro Volta, Gregor Joham Mendel, James, Clerk Maxwell, Christophe Colombo, Edward Jenner, Michael Faraday, Robert Koch, Ivan Pétrovich Pavlov, Marie-Curie, .... 
650 |a scientists - biography,technology - history 
980 |a Trung tâm Học liệu Trường Đại học Cần Thơ